书目信息 |
| 题名: |
环境艺术设计学
|
|
| 作者: | 武星宽 , 武静 , 裴磊 编著 | |
| 分册: | ||
| 出版信息: | 武汉 武汉理工大学出版社 2005.12 |
|
| 页数: | 188页 | |
| 开本: | 30cm | |
| 丛书名: | ||
| 单 册: | ||
| 中图分类: | TU-856 | |
| 科图分类: | ||
| 主题词: | 建筑设计--jian zhu she ji--环境设计 | |
| 电子资源: | ||
| ISBN: | 7-5629-2343-4 | |
| 000 | 01130nam0 2200289 450 | |
| 001 | 012006490184 | |
| 005 | 20060925100459.21 | |
| 010 | @a7-5629-2343-4@dCNY26.00 | |
| 100 | @a20060704d2005 km y0chiy0120 ea | |
| 101 | 0 | @achi |
| 102 | @aCN@b420000 | |
| 105 | @aa a 000yy | |
| 200 | 1 | @a环境艺术设计学@Ahuan jing yi shu she ji xue@e小城镇特色创新研究@f武星宽, 武静, 裴磊编著@Fwu xing kuan,wu jing,pei lei bian zhu |
| 210 | @a武汉@c武汉理工大学出版社@d2005.12 | |
| 215 | @a188页@c图@d30cm | |
| 312 | @a英文并列题名取自封面 | |
| 320 | @a有书目 (第187-188页) | |
| 330 | @a本书通过对构成湖北小城镇地方特色 的自然环境、历史文化传统、建筑风貌和景观环境的研究,提出了一套系统的、有学术价值和实际应用价值的小城镇创新研究的思想、观点和设计方法。 | |
| 510 | 1 | @aResearch of environment art and design@zeng |
| 517 | 1 | @a小城镇特色创新研究@Axiao cheng zhen te se chuang xin yan jiu |
| 606 | 0 | @a建筑设计@Ajian zhu she ji@x环境设计 |
| 690 | @aTU-856@v4 | |
| 701 | 0 | @a武星宽@Awu xing kuan@4编著 |
| 701 | 0 | @a武静@Awu jing@4编著 |
| 701 | 0 | @a裴磊@Apei lei@4编著 |
| 801 | 0 | @aCN@c20060925 |
| 905 | @apdsgxy@dTU-856@eW987 | |
| 环境艺术设计学:小城镇特色创新研究/武星宽, 武静, 裴磊编著.-武汉:武汉理工大学出版社,2005.12 |
| 188页:图;30cm |
| ISBN 7-5629-2343-4:CNY26.00 |
| 本书通过对构成湖北小城镇地方特色 的自然环境、历史文化传统、建筑风貌和景观环境的研究,提出了一套系统的、有学术价值和实际应用价值的小城镇创新研究的思想、观点和设计方法。 |
| ● |
| 相关链接 |
|
|
|
正题名:环境艺术设计学
索取号:TU-856/W987
 
预约/预借
| 序号 | 登录号 | 条形码 | 馆藏地/架位号 | 状态 | 备注 |
| 1 | 593857 | 205938574 | 建筑库101/101建筑库 18排4列5层/ [索取号:TU-856/W987] | 在馆 | |
| 2 | 593858 | 205938583 | 建筑库101/101建筑库 18排4列5层/ [索取号:TU-856/W987] | 在馆 | |
| 3 | 593859 | 205938592 | 建筑库101/101建筑库 18排4列5层/ [索取号:TU-856/W987] | 在馆 |